Gender Justice and Feminist Jurisprudence (Record no. 1055207)

MARC details
000 -LEADER
fixed length control field 00374nam a2200133Ia 4500
008 - FIXED-LENGTH DATA ELEMENTS--GENERAL INFORMATION
fixed length control field 231229s2019 xx 000 0 und d
041 ## - LANGUAGE CODE
Language code of text/sound track or separate title eng
082 ## - DEWEY DECIMAL CLASSIFICATION NUMBER
Classification number 346.5401308
Item number CHA
100 ## - MAIN ENTRY--PERSONAL NAME
Personal name CHATTERJEE (Ishita)
245 ## - TITLE STATEMENT
Title Gender Justice and Feminist Jurisprudence
250 ## - EDITION STATEMENT
Edition statement 7th Rep.
260 ## - PUBLICATION, DISTRIBUTION, ETC.
Place of publication, distribution, etc. Allahabad
Name of publisher, distributor, etc. Central Law Publication Allahabad
Date of publication, distribution, etc. 2019
300 ## - PHYSICAL DESCRIPTION
Extent v, 758
Holdings
Withdrawn status Lost status Damaged status Not for loan Home library Current library Date acquired Cost, normal purchase price Total Checkouts Full call number Barcode Date last seen Price effective from Koha item type
        Institute of Management & Research, New Delhi Institute of Management & Research, New Delhi 20/01/2020 441.00   346.54013082 CHA IMD-26EB0002987 11/01/2024 11/01/2024 Law Book Bank